000
00221nam a2200097Ia 4500
008
231221s9999 xx 000 0 und d
041
_a
English
245
0
_a
Office 2007.co.in
650
_a
Office,2007.co.in
942
_c
CD
999
_c
215838
_d
215838